000 00970nam a2200229Ii 4500
003 JO-AjNU
008 230605s9999||||xx |||||||||||||| ||und||
017 _a2006/3/628
020 _a9957-16-156-3
040 _aJO-AjNU
_bara
_erda
_cJO-AjNU
041 _aara
050 1 4 _aKMM74.5.F37.2010
100 3 _aفراج، مصطفى محمود حمد ,
_eauthor
_912300
245 0 0 _aالدعاوى وإجراءاتها العملية وفقا لأحدث التعديلات
250 _aط3
264 3 1 _aعمان : دار الثقافة ، 2010
300 _a608ص
_bيشتمل على ملاحق ص (589 - 596 )
336 _atext
_btxt
_2rdacontent
337 _aunmediated
_bn
_2rdamedia
338 _avolume
_bnc
_2rdacarrier
650 4 _aالدعوى المدنية -- الأردن -- قانون المرافعات -- الأردن -- التداعي أمام المحاكم -- قانون الإجراءات المدنية والتجارية -- الأردن
_912301
999 _aA2767
_c6335
_d6335